00443 2200157 4500001002100000005001500021035002000036245008100056100002200137300002600159260004400185082000800229084001400237020002200251990001200273INLIS00000000000291420250911020903 a0010-09250002611 aSmart Parenting :bMendidik Anak Berkarakter Unggul /cDr. Zulaehah Hidayati0 aZulaehah Hidayati a114 hlm ;c15 x 23 cm aJakarta :bEsensi Erlangga Group,c2018 a600 a600 ZUL s a978-602-6847-77-5 a0755323